Estatísticas para Adivinhe a Letra: Eduardo e Mônica

Clique aqui para jogar o quiz

Estatísticas Gerais

  • Esse quiz foi jogado 193 vezes
    (178 desde o último reset)
  • A pontuação média é 366 de 450

Estatísticas das Respostas

Resposta% Correto
99%
E
99%
e
99%
Eduardo
98%
Mônica
98%
a
96%
A
96%
se
96%
Se
96%
de
95%
não
95%
que
95%
O
94%
o
94%
dia
93%
do
93%
no
93%
um
93%
com
91%
era
90%
to
90%
coisas
89%
ele
89%
Ele
89%
me
89%
nas
89%
coração?
88%
diz
88%
dizer
88%
ela
88%
Ela
88%
eram
88%
ir
88%
Quem
88%
quem
88%
existe
87%
irá
87%
pelo
87%
razão?
87%
razão
87%
cabelo
86%
feitas
86%
inglês
86%
legal
86%
mais
86%
mas
86%
quis
86%
eu
85%
"Eu
85%
falava
85%
festa
85%
Festa
85%
gente
85%
tinta
85%
ainda
84%
aulinhas
84%
84%
da
84%
dezesseis
84%
estranha
84%
horas
84%
levantar
84%
84%
84%
ta
84%
tinha
84%
alemão
83%
encontrar
83%
esquisita
83%
medicina
83%
os
83%
quer
83%
viu
83%
abriu
82%
casa
82%
conhaque
82%
ficou
82%
olhos
82%
sobre
82%
aguento
81%
birita"
81%
disse
81%
encontraram
81%
ou
81%
uma
81%
ver
81%
cidade
80%
cidade,
80%
cursinho
80%
deitado
80%
Enquanto
80%
fazia
80%
menina
80%
nada
80%
pouco
80%
tomava
80%
como
79%
conhecer
79%
eles
79%
leão
79%
mês
79%
mesmo
79%
pra
79%
camelo
78%
disseram
78%
divertir"
78%
filme
78%
impressionar
78%
riu
78%
saber
78%
boyzinho
77%
em
77%
ferrar!"
77%
moto
77%
outro
77%
parecido
77%
tentava
77%
vou
77%
avô
76%
comentar
76%
estranho
76%
queria
76%
tentar
76%
Van
76%
achou
74%
canto
74%
Central
74%
cinema
74%
duas
74%
futebol
74%
muito
74%
"Tem
74%
botão
73%
Godard
73%
quase
73%
Carinha
72%
escola
72%
melhor
72%
Planalto
72%
seu
72%
recuperação
71%
clube
70%
meditação
70%
pensava
70%
sem
70%
também
70%
televisão
70%
diferente
69%
filhinho
69%
gostava
69%
magia
69%
trocaram
69%
vestibular
69%
viajar
69%
vontade
69%
conversaram
68%
decidiram
68%
esquema
68%
parque
68%
telefone
68%
ar
67%
querer
67%
Caetano
66%
depois
66%
formou
66%
lanchonete
66%
ser
66%
dois
65%
então
65%
jogava
65%
meio
65%
passou
65%
todo
65%
tudo
65%
beber
64%
crescer
64%
sugeriu
64%
aprendeu
63%
crescia
63%
novela
63%
deixou
62%
férias
62%
gêmeos
62%
tava
62%
tonto
62%
completa
61%
porque
61%
repente
61%
terra
61%
água
60%
veio
60%
versa
60%
decidiu
59%
feijão
59%
nessas
59%
trabalhar
59%
vice
59%
arroz
57%
Bandeira
57%
encontravam
57%
Gogh
57%
juntos
57%
telefonaram
57%
vão
57%
brigaram
56%
céu
56%
mundo
56%
nem
56%
vieram
56%
Mutantes
55%
muitas
54%
Rimbaud
54%
comemoraram
53%
menos
53%
quando
53%
vezes
53%
Bauhaus
52%
pro
52%
dos
49%
foram
48%
anos
47%
atrás
46%
barra
46%
fizeram
46%
natação
46%
uns
46%
artesanato
45%
teatro
45%
Brasilia
44%
Construiram
44%
fotografia
44%
pesada
44%
Batalharam
43%
grana
43%
tiveram
43%
explicava
41%
seguraram
40%
saudade
39%
38%
verão
38%
amizade
37%
nossa
36%
voltaram
35%

Distribuição das Pontuações

Percentil de Números Respondidos

Porcentagem de Pessoas com Cada Pontuação

Sua Pontuação Histórica

Você não jogou esse quiz desde o último reset